000 00685nam a2200265Ia 4500
005 20260302113929.0
008 008 260114s9999 xx 000 0 eng d
020 _a9781350195448
037 _aTextbook
040 _aCRL
040 _beng
040 _cCRL
041 _2eng
041 _aeng
084 _qCRL
100 _aJohn Edwards
_91117244
245 0 _aMultilingualism Understanding Linguistic Diversity
260 _bBloomsbury
260 _bBloomsbury Academic
260 _c2023
650 _aLinguistics
856 _uhttps://doi.org/10.5040/9781350195448?locatt=label:secondary_bloomsburyCollections
942 _cEBOOK
999 _c1680738
_d1680738